Представление документа в формате MARC21

Поле Инд. ПП Название Значение
Тип записи a
Библиографический уровень m
001 Контрольный номер 3a298cc9-af72-4c99-82cf-8eb655cc07bb
005 Дата корректировки 20140703130615.5
008 Кодируемые данные 040622
020 c Цена, тираж б/ц
040 a Служба первич. каталог. НБ ТвГУ
041 a Код языка текста rus
080 a Индекс УДК 802.0-3(043.3)
084 a Индекс другой классификации/Индекс ББК Ш143.21-3в634я031
a Индекс другой классификации/Индекс ББК Ш100.212я031
090 x Авторский знак П16
a Полочн. индекс Ш143.21
100 1_ a Автор Панченко Надежда Николаевна
245 10 a Заглавие Средства объективации концепта "обман" (на материале английского и русского языков)
b Продолж. заглавия автореф. дис. ... канд. филол. наук : 10.02.20
260 0_ a Место издания Волгоград
b Издательство Волгоградский гос. ун-т
c Дата издания 1999
300 a Объем 23 с.
500 a Примечание На правах рукоп.
504 a Библиография Библиогр.: с.23.
583 a Действие Получение впервые 279 24.06.2004
650 a Основная рубрика Языкознание
x Основная подрубрика Сравнительно-исторический метод
650 a Основная рубрика Английский язык
x Основная подрубрика Лексикология
650 a Основная рубрика Русский язык
650 a Основная рубрика Лингвистика сопоставительная
653 a Ключевые слова Языкознание
a Ключевые слова Английский язык
a Ключевые слова Русский язык
a Ключевые слова Сравнительно-исторический метод
a Ключевые слова Сопоставительная лингвистика
a Ключевые слова Контрастивная лингвистика
a Ключевые слова Лексическое значение слова
a Ключевые слова Авторефераты
852 t Порядковый номер экземпляра 1
p Инвентарный номер б/н
888 a Бесплатные
930 a Новая/Ретро авторефераты
952 p 279.2004 б/ц 1 б/н
c Вид литературы А/Р н
954 a Дата поступления на обработку 20040929
999 a Подразделение 2 ч.з.